000 00673nam a2200205Ia 4500
008 191130s2003##################000#0#eng##
020 _a9780080441986
040 _aACL
_cACL
082 _a306.42 SHA
245 _aThe international handbook on innovation
_ceditor, Larisa V. Shavinina . Creative ability in business
260 _aAmsterdam
_bElsevier Science
_c2003
300 _axxviii, 1171 p. : ill. ; 26 cm.
500 _aIncludes bibliographical references and indexes
650 _aCreative ability
650 _aCreative thinking
650 _aTechnological innovations
990 _a8627cb9eac10000c4ca0a9428ea4a027
991 _a197743
999 _c54295
_d54295